MARC

Tag First Indicator Second Indicator Subfields
LEADER 00000cam a2200000 i 4500
001 in00004635229
006 m o d
007 cr |||||||||||
008 200730t20212021nyua ob 001 0 eng
005 20230103223422.1
010 |a  2020034765 
035 |a (OCoLC)on1183400258 
040 |a DLC  |b eng  |e rda  |e pn  |c DLC  |d OCLCO  |d OCLCF  |d P@U  |d EBLCP  |d OCLCQ  |d UKKNU  |d OSU  |d CUV  |d DEGRU  |d YDX  |d OCLCO  |d UKAHL  |d UMC  |d VT2  |d UEJ  |d BRX  |d SFB  |d JSTOR 
019 |a 1253410840  |a 1261973774  |a 1268400437  |a 1286911114  |a 1308750078  |a 1308758528 
020 |a 9781501755576  |q (pdf) 
020 |a 1501755579  |q (pdf) 
020 |a 9781501755569  |q (epub) 
020 |a 1501755560  |q (epub) 
020 |z 9781501755552  |q (paperback) 
020 |z 1501755552  |q (paperback) 
024 7 |a 10.1515/9781501755576  |2 doi 
035 |a (OCoLC)1183400258  |z (OCoLC)1253410840  |z (OCoLC)1261973774  |z (OCoLC)1268400437  |z (OCoLC)1286911114  |z (OCoLC)1308750078  |z (OCoLC)1308758528 
037 |a 22573/ctv30wfhjc  |b JSTOR 
042 |a pcc 
043 |a e-bu--- 
050 0 0 |a DR92 
050 4 |a DR92  |b .D73 2021eb 
072 7 |a HIS010010  |2 bisacsh 
072 7 |a HIS  |x 010010  |2 bisacsh 
082 0 0 |a 949.903/1  |2 23 
049 |a TXAM 
100 1 |a Dragostinova, Theodora,  |d 1972-  |e author. 
245 1 4 |a The Cold War from the margins :  |b a small socialist state on the global cultural scene /  |c Theodora K. Dragostinova. 
264 1 |a Ithaca [New York] :  |b Cornell University Press,  |c 2021. 
264 4 |c ©2021 
300 |a 1 online resource (xxi, 307 pages) :  |b illustrations (black and white) 
336 |a text  |b txt  |2 rdacontent 
337 |a computer  |b c  |2 rdamedia 
338 |a online resource  |b cr  |2 rdacarrier 
347 |a text file  |b PDF  |2 rda 
490 0 |a Studies of the Weatherhead East Asian Institute, Columbia University 
504 |a Includes bibliographical references and index. 
505 0 |a Introduction : Communist Extravaganza: Culture in the Global -- The Contradictions of Developed Socialism -- Goodwill between Neighbors -- Culture as a Way of Life -- Forging a Bulgarian Diaspora -- Like a Grand World Civilization -- Culture under Special Conditions -- Epilogue : The Socialist Past Today. 
520 |a "Interprets the global dynamics of the late Cold War in the 1970s from the perspective of a small state, Bulgaria, and its cultural diplomacy in the Balkans, the West, and the Third World"--  |c Provided by publisher 
588 0 |a Online resource; title from PDF title page (viewed May 17, 2021). 
546 |a In English. 
650 0 |a Cultural diplomacy  |z Bulgaria  |x History  |y 20th century. 
650 0 |a Cold War  |x Social aspects. 
650 0 |a Politics and culture  |z Bulgaria  |x History  |y 20th century. 
651 0 |a Bulgaria  |x Cultural policy  |y 20th century. 
650 6 |a Diplomatie culturelle  |z Bulgarie  |x Histoire  |y 20e siècle. 
650 6 |a Guerre froide  |x Aspect social. 
650 6 |a Politique et culture  |z Bulgarie  |x Histoire  |y 20e siècle. 
650 7 |a History / Modern / 20th Century.  |2 bisacsh 
650 7 |a Political Science / International Relations / Diplomacy.  |2 bisacsh 
650 7 |a History / Europe / Eastern.  |2 bisacsh 
650 7 |a Cultural diplomacy  |2 fast  |0 (OCoLC)fst01893393 
650 7 |a Cultural policy  |2 fast  |0 (OCoLC)fst00885007 
650 7 |a Politics and culture  |2 fast  |0 (OCoLC)fst01069952 
650 7 |a Social aspects  |2 fast  |0 (OCoLC)fst01354981 
651 7 |a Bulgaria  |2 fast  |0 (OCoLC)fst01212489 
647 7 |a Cold War  |d (1945-1989)  |2 fast  |0 (OCoLC)fst01754978 
648 7 |a 1900-1999  |2 fast 
653 |a Cultural diplomacy, global cold war, socialist bulgaria, communist bulgaria, globalization. 
655 7 |a Electronic books.  |2 local 
655 7 |a History  |2 fast  |0 (OCoLC)fst01411628 
710 2 |a JSTOR (Organization) 
776 0 8 |i Print version:  |a Dragostinova, Theodora, 1972-  |t Cold War from the margins.  |d Ithaca [New York] : Cornell University Press, 2021  |z 9781501755552  |w (DLC) 2020034764  |w (OCoLC)1182020112 
856 4 0 |u https://www.jstor.org/stable/10.7591/j.ctv310vkfs  |z Connect to the full text of this electronic book  |t 0 
955 |a JSTOR Open Access ebooks 
994 |a 92  |b TXA 
999 f f |s 9c01905b-cb3e-460b-8ca5-c100f7b87650  |i 3ad9bd2b-6d08-4803-b2a8-093b24ae252b  |t 0 
952 f f |a Texas A&M University  |b College Station  |c Electronic Resources  |d Available Online  |t 0  |e DR92 .D73 2021eb  |h Library of Congress classification 
998 f f |a DR92 .D73 2021eb  |t 0  |l Available Online